| 000 | 00430pab a2200181 454500 | ||
|---|---|---|---|
| 008 | 180718b2007 xxu||||| |||| 00| 0 eng d | ||
| 100 | _aDreher, Axel | ||
| 245 | _aHas globalisation really had no effect on unions? | ||
| 260 | _c2007 | ||
| 300 | _ap.165-86. | ||
| 650 | _aTrade unions | ||
| 650 | _aLabour market | ||
| 650 | _aGlobalization | ||
| 700 | _aGaston, Noel | ||
| 773 | _aKyklos | ||
| 908 | _aN | ||
| 909 | _a74598 | ||
| 999 |
_c74598 _d74598 |
||